Merger policy with merger choice (Registro nro. 28019)

Detalles MARC
000 -LEADER
fixed length control field 00361 a2200121 4500
001 - CONTROL NUMBER
control field ART_18105
005 - DATE AND TIME OF LATEST TRANSACTION
control field 20260410161924.0
008 - FIXED-LENGTH DATA ELEMENTS--GENERAL INFORMATION
fixed length control field 260409a
100 1# - MAIN ENTRY--PERSONAL NAME
Personal name Whinston, Michael D.
245 10 - TITLE STATEMENT
Title Merger policy with merger choice
700 1# - ADDED ENTRY--PERSONAL NAME
Personal name Nocke, Volker
773 0# - HOST ITEM ENTRY
Title The American Economic Review
Related parts - Vol. 103, Nº 2 (abr. 2013)
Record control number REV16190

No hay ítems disponibles.